MARC

LEADER 00000nam0a2200000 4500
001 226688
005 20231101230741.0
035 |a (RuTPU)RU\TPU\book\247076 
090 |a 226688 
100 |a 20121126d1902 m y0rusy50 ca 
101 1 |a rus  |c ger 
102 |a RU 
105 |a a z 000zy 
200 1 |a Электродвигатели переменного и трехфазного тока  |e пер. с нем.  |f Г. Ресслер 
210 |a Москва  |c Изд-ие Д. П. Ефимова  |d 1902 
215 |a 244 с.  |c ил. 
606 1 |a Электродвигатели (в целом)  |2 stltpush  |3 (RuTPU)RU\TPU\subj\19799  |9 44967 
610 1 |a асинхронные двигатели 
610 1 |a переменные поля 
610 1 |a переменный ток 
610 1 |a асинхронные двигатели 
610 1 |a синхронные двигатели 
675 |a 621.313.13  |v 3 
700 1 |a Ресслер  |b Г. 
801 1 |a RU  |b 63413507  |c 20121126 
801 2 |a RU  |b 63413507  |c 20121129  |g RCR 
942 |c BK